Sports Quiz

Random Sports or NBA Quiz

NBA hall of fame active players probability Quiz Stats

 Plays Quiz not verified by Sporcle

Challenge
Share
Tweet
Embed
Score 0/25 Timer 04:00
0 Plays Today
team they are on player % Correct
Miami HeatLebron James
94.4%
Miami HeatDwyane Wade
93.3%
Oklahoma City Thunder Kevin Durant
92.1%
L.A. LakersKobe Bryant
91.6%
San Antonio SpursTim Duncan
90.8%
San Antonio SpursTony Parker
90.1%
Golden State WarriorsStephen Curry
89.8%
L.A. ClippersChris Paul
89.7%
New York KnicksCarmelo Anthony
89.3%
Oklahoma City ThunderRussell Westbrook
88.9%
Houston RocketsJames Harden
87.8%
Miami HeatChris Bosh
87.7%
Chicago BullsDerrick Rose
86.7%
team they are on player % Correct
Dallas MavericksDirk Nowitzki
86.4%
Cleveland Cavaliers Kyrie Irving
82.2%
Houston RocketsDwight Howard
76.3%
San Antonio SpursManu Ginobili
75.8%
Brooklyn NetsPaul Pierce
75.2%
Brooklyn NetsKevin Garnett
72.2%
Miami HeatRay Allen
71%
L.A. LakersSteve Nash
65.8%
Golden State WarriorsAndre Iguodala
59.2%
Detroit PistonsChauncey Billups
55.7%
New York KnicksAmar'e Stoudemire
54.4%
Dallas MavericksMonta Ellis
39%

You're not logged in!

Compare scores with friends on all Sporcle quizzes.
Join for Free
OR
Log In

You Might Also Like...

Show Comments

Extras

Top Quizzes Today


Score Distribution

Your Account Isn't Verified!

In order to create a playlist on Sporcle, you need to verify the email address you used during registration. Go to your Sporcle Settings to finish the process.

Report this User

Report this user for behavior that violates our Community Guidelines.

Details: